000 00421nam a2200205Ia 4500
001 002892
003 YMCAF
005 20230512160158.0
008 100717s1971 ||||||||||||||||| ||und|d
024 _a2892
035 _a2872
040 _aYMCAF
_beng
_cIN-KoLT
041 _aeng
082 _aMEC-SPA
100 _aSPARKS N.
245 0 _aMECH. REFRIGERATION
260 _c1971
300 _a283
942 _2ddc
_cBK
999 _c2269
_d2269